[Event "Eastern Class-ch 8th"]
[Site "?"]
[Date "1999.??.??"]
[Round "5"]
[White "Yermolinsky Alex"]
[Black "Shabalov Alexander"]
[Result "1/2-1/2"]
[WhiteElo "2700"]
[BlackElo "2690"]
[PlyCount "90"]
[EventDate "1999.??.??"]
[Source "www.chesslib.no"]
[SourceDate "2004.05.04"]

1. d4 c5 2. d5 f5 3. g3 Nf6 4. Bg2 g6 5. Nh3 Bg7 6. O-O O-O 7. Nc3 Na6 8. e4 Nxe4 9. Nxe4 fxe4 10. Bxe4 Nc7 11. Nf4 Ne8 12. Bg2 Nd6 13. Re1 b6 14. h4 Ba6 15. Qg4 Nf5 16. h5 g5 17. Qxg5 e5 18. Nh3 Qxg5 19. Bxg5 h6 20. Be3 Nd4 21. Bxd4 cxd4 22. Be4 Rac8 23. a4 Rc5 24. b4 Rc3 25. a5 b5 26. Kg2 d6 27. f3 Bc8 28. g4 Bf6 29. Re2 Bh4 30. Rb1 Rf7 31. Rb2 a6 32. Rb1 Rg7 33. Rh1 Re3 34. Rxe3 dxe3 35. Kf1 Rc7 36. Ke2 Rc4 37. Rb1 Rxe4 38. fxe4 Bxg4+ 39. Kxe3 Bxh3 40. Kf3 Bg5 41. Rb3 Bd7 42. Rc3 Bd8 43. Kg3 Kf7 44. Rf3+ Ke8 45. Rc3 Ke7 1/2-1/2

[Event "Chess Summer GM"]
[Site "Aarhus"]
[Date "2003.07.31"]
[Round "5"]
[White "Stefansson, Hannes"]
[Black "Jakubiec, Artur"]
[Result "1/2-1/2"]
[WhiteElo "2560"]
[BlackElo "2537"]
[PlyCount "39"]
[EventDate "2003.07.27"]
[Source "Roberto Alvarez"]
[SourceDate "2003.08.04"]

1. d4 c5 2. d5 f5 3. b3 e5 4. dxe6 d5 5. Bb2 Bxe6 6. e3 Nf6 7. Nh3 Nc6 8. Nf4 Bf7 9. Bd3 g6 10. Bb5 Bg7 11. Bxc6+ bxc6 12. O-O O-O 13. Nd2 Qb6 14. Nf3 Rad8 15. Qc1 d4 16. Ng5 Rfe8 17. Re1 Ne4 18. Nxf7 Kxf7 19. Nd3 Bh6 20. Re2 1/2-1/2

[Event "ICS game"]
[Site "?"]
[Date "1997.??.??"]
[Round "?"]
[White "Gausel Einar"]
[Black "Christiansen Larry M"]
[Result "0-1"]
[WhiteElo "2530"]
[BlackElo "2560"]
[PlyCount "112"]
[EventDate "1997.??.??"]
[Source "www.chesslib.no"]
[SourceDate "2004.05.04"]

1. d4 c5 2. d5 f5 3. Nc3 Nf6 4. Bg5 Qb6 5. Bxf6 Qxf6 6. e3 g6 7. Nh3 Bg7 8. Nf4 O-O 9. h4 e5 10. dxe6 dxe6 11. Bc4 Rd8 12. Qe2 Nc6 13. a3 Ne5 14. Ba2 c4 15. Bxc4 Nxc4 16. Qxc4 Bd7 17. Qb3 Rac8 18. O-O-O Qf7 19. Nb5 Bxb5 20. Qxb5 e5 21. Nd5 a6 22. Qb3 Kh8 23. Kb1 b5 24. h5 gxh5 25. f3 e4 26. fxe4 fxe4 27. Nf4 Qxb3 28. cxb3 h4 29. Rxd8+ Rxd8 30. Rxh4 Rd2 31. Ng6+ Kg8 32. Ne7+ Kf8 33. Rxh7 Rxb2+ 34. Kc1 Rxg2 35. Nf5 Bb2+ 36. Kd1 Bxa3 37. Ra7 Rg6 38. Ra8+ Kf7 39. Ra7+ Ke8 40. Nd4 Bc5 41. Ra8+ Kd7 42. Ke2 Kc7 43. Nf5 Rg2+ 44. Kf1 Rg5 45. Nd4 Bxd4 46. exd4 Kb7 47. Re8 Rg3 48. Rxe4 Rxb3 49. Ke2 a5 50. d5 Kc7 51. Re6 a4 52. Ra6 a3 53. Kd2 b4 54. Kc2 Rb2+ 55. Kc1 Kd7 56. d6 Ke6 0-1

[Event "ESP Team Ch"]
[Site "Cala Galdana ESP"]
[Date "1994.??.??"]
[Round "?"]
[White "Cramling, Pia"]
[Black "Spraggett, Kevin B"]
[Result "1-0"]
[WhiteElo "2515"]
[BlackElo "2550"]
[PlyCount "71"]
[EventDate "1994.??.??"]
[Source "www.chesslib.no"]
[SourceDate "2004.05.04"]

1. d4 c5 2. d5 f5 3. c4 d6 4. Nh3 Nf6 5. Nc3 g6 6. Nf4 Na6 7. h4 Nc7 8. g3 Rb8 9. a4 b6 10. Bg2 a6 11. e4 Bg7 12. h5 Kf7 13. h6 Bf8 14. Nh3 b5 15. axb5 axb5 16. cxb5 Bd7 17. Ng5+ Ke8 18. exf5 gxf5 19. Bf3 Ng4 20. Qe2 Qc8 21. Bxg4 fxg4 22. Nce4 Nxb5 23. Nf6+ Kd8 24. Nf7+ Kc7 25. Nxd7 Qxd7 26. Nxh8 Qf5 27. Qe6 Qf3 28. O-O Nd4 29. Ra7+ Rb7 30. Rxb7+ Kxb7 31. Qd7+ Kb8 32. Qd8+ Kb7 33. Qd7+ Kb8 34. Be3 Ne2+ 35. Kh2 Qxd5 36. Qxg4 1-0

[Event "7th Amplico AIG Life Gp2"]
[Site "Warsaw POL"]
[Date "2007.12.16"]
[Round "1"]
[White "Moranda, W."]
[Black "Jakubiec, A."]
[Result "1/2-1/2"]
[WhiteElo "2533"]
[BlackElo "2524"]
[PlyCount "103"]
[EventDate "2007.12.16"]
[Source "www.chesslib.no"]
[SourceDate "2004.05.04"]

1. d4 c5 2. d5 f5 3. Nc3 Nf6 4. f3 e5 5. e4 fxe4 6. fxe4 d6 7. Bb5+ Bd7 8. Bxd7+ Qxd7 9. Nf3 Na6 10. O-O Be7 11. Bg5 O-O 12. Qe2 Nc7 13. a4 a6 14. a5 Nb5 15. Na4 Rae8 16. Nb6 Qd8 17. Bxf6 Bxf6 18. c3 Rf7 19. Rf2 Ref8 20. Raf1 Qe7 21. g3 g6 22. Kg2 Kg7 23. h4 h6 24. Qe3 Qe8 25. Nc4 Qd7 26. Nh2 h5 27. Nb6 Qe8 28. Nf3 Qe7 29. Ng1 Qe8 30. Nh3 Bd8 31. Nc4 Qd7 32. Rxf7+ Rxf7 33. Rxf7+ Qxf7 34. Qf3 Qd7 35. Nf2 Bf6 36. Nd3 Qe7 37. Ne1 Kh7 38. Nc2 Kg7 39. N2e3 Qe8 40. Kh3 Bd8 41. g4 Qe7 42. Ng2 Qd7 43. Kg3 hxg4 44. Qxg4 Qxg4+ 45. Kxg4 Kh6 46. Nge3 Be7 47. Nf1 Nc7 48. Ng3 Ne8 49. Kh3 Nf6 50. Ne3 Bd8 51. Nc4 Be7 52. Ne3 1/2-1/2

[Event "57th ch-RUS Qualifier"]
[Site "St Petersburg"]
[Date "2004.05.24"]
[Round "4"]
[White "Riazantsev, Alexander"]
[Black "Dobrov, Vladimir"]
[Result "1/2-1/2"]
[WhiteElo "2556"]
[BlackElo "2477"]
[PlyCount "51"]
[EventDate "2004.05.01"]
[Source "Roberto Alvarez"]
[SourceDate "2004.05.31"]

1. d4 c5 2. d5 f5 3. c4 Nf6 4. Nc3 a6 5. Bg5 b5 6. Bxf6 exf6 7. e3 b4 8. Nce2 Bd6 9. Nf4 O-O 10. Bd3 Qe8 11. Nge2 g6 12. O-O Qe5 13. Qc2 a5 14. g3 Na6 15. Ng2 Re8 16. f4 Qe7 17. h3 Qf7 18. Kf2 Bf8 19. Qd2 d6 20. Rae1 Ra7 21. Ng1 Rae7 22. Nf3 Nc7 23. a4 Bg7 24. b3 Kf8 25. Rd1 Na8 26. Be2 1/2-1/2

[Event "7th Amplico AIG Life Gp2"]
[Site "Warsaw POL"]
[Date "2007.12.16"]
[Round "3"]
[White "Malaniuk, V."]
[Black "Jakubiec, A."]
[Result "1-0"]
[WhiteElo "2496"]
[BlackElo "2524"]
[PlyCount "83"]
[EventDate "2007.12.16"]
[Source "www.chesslib.no"]
[SourceDate "2004.05.04"]

1. d4 c5 2. d5 f5 3. e4 fxe4 4. Nc3 Nf6 5. g4 h6 6. Bg2 d6 7. h3 Nbd7 8. Nxe4 Nxe4 9. Bxe4 Nf6 10. Bg6+ Kd7 11. Ne2 Kc7 12. Nf4 e5 13. dxe6 d5 14. Bf7 g5 15. Ng6 Rh7 16. Qe2 Ne4 17. c4 Nd6 18. e7 Bxe7 19. Nxe7 Rxf7 20. Nxd5+ Kc6 21. Be3 Qa5+ 22. Bd2 Qa6 23. b3 Be6 24. O-O Re8 25. f4 Kd7 26. Qd3 Kc8 27. fxg5 Rxf1+ 28. Rxf1 hxg5 29. Bxg5 b5 30. cxb5 Qxb5 31. Qxb5 Nxb5 32. Nf4 Bg8 33. Rc1 c4 34. bxc4 Nd6 35. Nd5 Bf7 36. Bf4 Nb7 37. Be3 a6 38. Kf2 Nd6 39. Bf4 Ne4+ 40. Kf3 Nc5 41. Rb1 Bg6 42. Rb8+ 1-0

[Event "New York (open)"]
[Site "?"]
[Date "1994.??.??"]
[Round "?"]
[White "Alburt, L."]
[Black "Levitt, J."]
[Result "1-0"]
[WhiteElo "2560"]
[BlackElo "2445"]
[PlyCount "77"]
[EventDate "1994.??.??"]
[Source "ChessBase"]
[SourceDate "1994.02.01"]

1. d4 c5 2. d5 f5 3. Nc3 Nf6 4. Bg5 Qb6 5. Qd2 h6 6. Bxf6 Qxf6 7. O-O-O d6 8. e4 g6 9. Bb5+ Nd7 10. exf5 Qxf5 11. Bd3 Qf7 12. Nb5 Kd8 13. Nf3 Bg7 14. Rhe1 Rf8 15. Kb1 g5 16. Re4 Qf6 17. c4 Qf7 18. Rde1 Ne5 19. Nxe5 Bxe5 20. f3 Bf6 21. Re6 b6 22. Be4 Bd7 23. Qd3 a6 24. Nc3 Qg7 25. Nd1 Kc7 26. g4 Rfb8 27. Ne3 b5 28. Qa3 Bxb2 29. Qa5+ Kc8 30. Kc2 Bf6 31. Nf5 Qf8 32. Bd3 Bxe6 33. Rxe6 Qd8 34. Qe1 bxc4 35. Nxe7+ Bxe7 36. Bf5 Kc7 37. Rxe7+ Kb6 38. a4 Qh8 39. a5+ 1-0

[Event "III-IV.(Sloveni"]
[Site "III-IV.Bled (Sloveni"]
[Date "1995.??.??"]
[Round "?"]
[White "Jelen, Iztok"]
[Black "Tukmakov, Vladimir B"]
[Result "0-1"]
[WhiteElo "2420"]
[BlackElo "2585"]
[PlyCount "64"]
[EventDate "1995.??.??"]
[Source "www.chesslib.no"]
[SourceDate "2004.05.04"]

1. d4 c5 2. d5 f5 3. Nc3 Nf6 4. Bg5 Qb6 5. Rb1 h6 6. Bxf6 Qxf6 7. Nf3 g5 8. e4 g4 9. Nd2 d6 10. Bb5+ Kd8 11. exf5 Bxf5 12. O-O Bg7 13. Bd3 Nd7 14. Nc4 h5 15. Re1 Rf8 16. Qd2 Bxd3 17. cxd3 Qf4 18. Qc2 Ne5 19. Re4 Qf5 20. Ne3 Qg6 21. b4 cxb4 22. Rbxb4 b6 23. d4 Rc8 24. a3 a5 25. Qb3 Bh6 26. Nf5 Rxc3 27. Qc4 Qg5 28. Qb3 Rc5 29. Qc3 Qd2 30. Qb3 Qg5 31. Qh3 Qe3 32. dxe5 Qxa3 0-1

[Event "Bled Open"]
[Site "Bled SLO"]
[Date "1995.??.??"]
[Round "6"]
[White "Jelen, Iztok"]
[Black "Tukmakov, Vladimir B"]
[Result "0-1"]
[WhiteElo "2420"]
[BlackElo "2585"]
[PlyCount "64"]
[EventDate "1995.03.??"]
[Source "www.chesslib.no"]
[SourceDate "2004.05.04"]

1. d4 c5 2. d5 f5 3. Nc3 Nf6 4. Bg5 Qb6 5. Rb1 h6 6. Bxf6 Qxf6 7. Nf3 g5 8. e4 g4 9. Nd2 d6 10. Bb5+ Kd8 11. exf5 Bxf5 12. O-O Bg7 13. Bd3 Nd7 14. Nc4 h5 15. Re1 Rf8 16. Qd2 Bxd3 17. cxd3 Qf4 18. Qc2 Ne5 19. Re4 Qf5 20. Ne3 Qg6 21. b4 cxb4 22. Rbxb4 b6 23. Nb5 Rc8 24. Qb1 a5 25. Rb3 Bh6 26. Nf1 Rc1 27. Qxc1 Bxc1 28. Nd4 Ke8 29. Rxb6 Qf6 30. Rb8+ Kd7 31. Rxf8 Qxf8 32. Ne6 Qa8 0-1

[Event "Las Palmas op"]
[Site "?"]
[Date "1996.??.??"]
[Round "5"]
[White "Vaisser Anatoli"]
[Black "Sarmiento Alfonso Braulio Alf"]
[Result "1/2-1/2"]
[WhiteElo "2565"]
[BlackElo "2435"]
[PlyCount "167"]
[EventDate "1996.??.??"]
[Source "www.chesslib.no"]
[SourceDate "2004.05.04"]

1. d4 c5 2. d5 f5 3. e4 fxe4 4. Nc3 Nf6 5. g4 h6 6. Bg2 d6 7. h3 e6 8. Nge2 exd5 9. Nxd5 Nc6 10. Nec3 Be6 11. Be3 Nxd5 12. Nxd5 Qd7 13. Bxe4 O-O-O 14. c3 g5 15. Qa4 Bg7 16. O-O-O Kb8 17. f3 Qf7 18. h4 Ne7 19. Nxe7 Qxe7 20. hxg5 hxg5 21. Rxh8 Rxh8 22. Qb5 Be5 23. Kb1 Bc8 24. Qd3 Rh2 25. Bg1 Rh8 26. a4 Be6 27. Bd5 Bd7 28. Qe4 Qh7 29. Bxb7 Qxe4+ 30. Bxe4 Bxa4 31. Re1 Bg3 32. Rf1 Bf4 33. Re1 Bg3 34. Rf1 Bf4 35. Ka2 Rh1 36. Re1 Bb5 37. Bf2 Rh2 38. Be3 Bxe3 39. Rxe3 Kc7 40. Bd5 Rh7 41. Kb3 Kd7 42. Re1 a5 43. Ra1 a4+ 44. Ka3 Rh3 45. Re1 Bc6 46. Rd1 Bxd5 47. Rxd5 Rxf3 48. Rxg5 Rf4 49. Rg8 Ke7 50. Rg6 Re4 51. g5 Rg4 52. Rg7+ Ke6 53. g6 Kf6 54. Rf7+ Ke6 55. Rg7 Kf6 56. Rg8 Rxg6 57. Rxg6+ Kxg6 58. Kxa4 Kf5 59. Kb5 Ke6 60. b3 Kd7 61. Kb6 Kd8 62. Kb5 Kd7 63. Kb6 Kd8 64. Kc6 Ke7 65. Kb5 Kd7 66. Kb6 Kd8 67. Kc6 Ke7 68. Kb6 Kd8 69. Kb5 Kd7 70. Kb6 Kd8 71. Kc6 Ke7 72. b4 cxb4 73. cxb4 d5 74. Kxd5 Kd7 75. b5 Kc7 76. Kc5 Kb7 77. b6 Kb8 78. Kb5 Kb7 79. Ka5 Kb8 80. Kb4 Kb7 81. Kb5 Kb8 82. Kc6 Kc8 83. b7+ Kb8 84. Kb6 1/2-1/2

[Event "56th ch-RUS"]
[Site "Krasnoyarsk"]
[Date "2003.09.08"]
[Round "5"]
[White "Iljushin, Alexei"]
[Black "Beznosikov, Vladimir"]
[Result "1/2-1/2"]
[WhiteElo "2553"]
[BlackElo "2445"]
[PlyCount "87"]
[EventDate "2003.09.03"]
[Source "Roberto Alvarez"]
[SourceDate "2003.09.15"]

1. d4 c5 2. d5 f5 3. g3 Nf6 4. Bg2 g6 5. c4 d6 6. Nc3 Bg7 7. Nh3 Nbd7 8. O-O O-O 9. Qc2 Ne5 10. b3 Rb8 11. Bb2 a6 12. a4 Bd7 13. Nf4 Qc8 14. a5 g5 15. Nd3 Nxd3 16. exd3 f4 17. Rfe1 Rf7 18. Ne4 Nxe4 19. Bxe4 Bxb2 20. Qxb2 Qf8 21. f3 Qg7 22. Qxg7+ Kxg7 23. Kf2 fxg3+ 24. hxg3 b6 25. axb6 Rxb6 26. Ra3 h6 27. Ke3 Rf8 28. d4 cxd4+ 29. Kxd4 h5 30. Ke3 Kf6 31. Rea1 Rfb8 32. Bc2 h4 33. g4 Rh8 34. Kd4 Bc8 35. R3a2 h3 36. Re1 e6 37. dxe6 Bxe6 38. Bd1 d5 39. cxd5 Rd6 40. Ke3 Bxd5 41. Kf2 Be6 42. Be2 Bxb3 43. Rxa6 Rxa6 44. Bxa6 1/2-1/2

[Event "BCF Ch"]
[Site "Swansea WLS"]
[Date "1995.??.??"]
[Round "4"]
[White "Hebden, Mark L"]
[Black "Summerscale, Aaron"]
[Result "0-1"]
[WhiteElo "2550"]
[BlackElo "2435"]
[PlyCount "80"]
[EventDate "1995.08.??"]
[Source "www.chesslib.no"]
[SourceDate "2004.05.04"]

1. d4 c5 2. d5 f5 3. Nc3 Nf6 4. g3 g6 5. Bg2 d6 6. Nh3 Na6 7. O-O Bg7 8. a4 O-O 9. Nb5 Nc7 10. Nf4 a6 11. Nxc7 Qxc7 12. a5 Rb8 13. c4 Ng4 14. Qc2 b5 15. axb6 Qxb6 16. Nd3 Qb3 17. Qxb3 Rxb3 18. Bg5 Kf7 19. Ra3 Rxa3 20. bxa3 a5 21. e4 fxe4 22. Bxe4 Ba6 23. Rc1 Rb8 24. Bf3 Ne5 25. Nxe5+ Bxe5 26. Bg4 Rb3 27. Be6+ Kf8 28. f4 Bb2 29. Rc2 Bxa3 30. Bh6+ Ke8 31. Bg7 Rb1+ 32. Kg2 Rc1 33. Rf2 Bxc4 34. f5 gxf5 35. Rxf5 Kd8 36. g4 Rc2+ 37. Kg3 Bb2 38. Bxb2 Rxb2 39. Rf8+ Kc7 40. Ra8 Rd2 0-1

[Event "Krynica op-A"]
[Site "?"]
[Date "1998.??.??"]
[Round "?"]
[White "Stempin Pawel"]
[Black "Kengis Edvins"]
[Result "1/2-1/2"]
[WhiteElo "2410"]
[BlackElo "2565"]
[PlyCount "106"]
[EventDate "1998.??.??"]
[Source "www.chesslib.no"]
[SourceDate "2004.05.04"]

1. d4 c5 2. d5 f5 3. g3 Nf6 4. Bg2 g6 5. b3 Bg7 6. Bb2 d6 7. Nd2 O-O 8. Nh3 Na6 9. O-O Nc7 10. c4 b5 11. Qc2 Rb8 12. Bc3 e6 13. dxe6 b4 14. Bb2 Nxe6 15. Rad1 Qe7 16. e3 Bb7 17. Bxf6 Rxf6 18. Bxb7 Qxb7 19. Nf4 Re8 20. Nd5 Rf7 21. Nf3 a5 22. Rd3 Qc6 23. Qd1 Rd7 24. h4 Nd8 25. Nf4 Nf7 26. Rd5 Qc8 27. h5 g5 28. Nd3 Rde7 29. g4 Re4 30. gxf5 Nh6 31. Nh2 Nxf5 32. Kh1 Rf8 33. Rg1 h6 34. Rg4 Re7 35. e4 Nd4 36. f4 gxf4 37. Nxf4 Rff7 38. Rxd6 Rxe4 39. Nd5 Qe8 40. Rd8 Qxd8 41. Rxe4 Qg5 42. Qg4 Qxg4 43. Nxg4 Rf1+ 44. Kg2 Ra1 45. Re8+ Kf7 46. Re7+ Kf8 47. Ra7 Rxa2+ 48. Kh3 a4 49. bxa4 b3 50. Ra8+ Kf7 51. Ra7+ Kf8 52. Ra8+ Kf7 53. Ra7+ Kf8 1/2-1/2

[Event "Ceske Budejovice Open"]
[Site "Ceske Budejovice CZE"]
[Date "1996.??.??"]
[Round "8"]
[White "Matlak, Marek"]
[Black "Stripunsky, Alexander"]
[Result "1-0"]
[WhiteElo "2450"]
[BlackElo "2495"]
[PlyCount "94"]
[EventDate "1996.??.??"]
[Source "www.chesslib.no"]
[SourceDate "2004.05.04"]

1. d4 c5 2. d5 f5 3. g3 Nf6 4. Bg2 g6 5. Nh3 d6 6. Nf4 Na6 7. c4 Nc7 8. Nc3 Bg7 9. O-O O-O 10. Rb1 Rb8 11. a4 a6 12. a5 Qe8 13. Nd3 h6 14. b4 cxb4 15. Rxb4 g5 16. e3 f4 17. exf4 Qg6 18. f3 Bf5 19. Nf2 gxf4 20. Bxf4 Nh5 21. Bd2 Bc2 22. Qe1 Rf7 23. Nce4 Rbf8 24. Bc3 Ne8 25. Bxg7 Rxg7 26. Qe2 Bxe4 27. Qxe4 Nxg3 28. hxg3 Qxg3 29. Ng4 h5 30. Qe6+ Rff7 31. Nh6+ Kh7 32. Rb2 Rf6 33. Nf5 Qf4 34. Nxg7 Rxe6 35. Nxe6 Qxc4 36. Rxb7 Nf6 37. Rxe7+ Kh6 38. Nc7 Qd4+ 39. Rf2 h4 40. Re6 Kg7 41. Rxd6 Qd1+ 42. Bf1 h3 43. Rxa6 Nh5 44. Ne6+ Kg8 45. Ra8+ Kf7 46. Ng5+ Kg6 47. Nxh3 Ng3 1-0

[Event "Mind Sports Games - Rapid Team"]
[Site "Pechino CINA"]
[Date "2008.10.16"]
[Round "9"]
[White "Annaberdiev, M."]
[Black "Tu Hoang Thong"]
[Result "1-0"]
[WhiteElo "2444"]
[BlackElo "2496"]
[PlyCount "93"]
[EventDate "2008.10.14"]
[Source "www.chesslib.no"]
[SourceDate "2004.05.04"]

1. d4 c5 2. d5 f5 3. Nc3 Nf6 4. Bg5 Qb6 5. Rb1 h6 6. Bxf6 Qxf6 7. Nf3 g5 8. e4 d6 9. exf5 Bxf5 10. Bd3 Bg7 11. Ne4 Qg6 12. Ng3 Bxd3 13. cxd3 O-O 14. O-O Nd7 15. Qe2 g4 16. Nd2 Ne5 17. Qe4 Qg5 18. Qe2 Rf4 19. b4 Rxb4 20. Rxb4 cxb4 21. d4 Nf7 22. Nde4 Qg6 23. Qb5 b6 24. Qd7 Rd8 25. Qxe7 a5 26. f4 Bxd4+ 27. Kh1 a4 28. f5 Qg7 29. Nh5 Qf8 30. Qe6 Kh8 31. Nf4 Qe8 32. Ng6+ Kh7 33. Ne7 Rd7 34. Qg6+ Kh8 35. f6 Qf8 36. Qf5 Ne5 37. Ng6+ Nxg6 38. Qxd7 a3 39. Nxd6 b3 40. Qxg4 Qxd6 41. Qxd4 b2 42. f7+ Kh7 43. Qe4 Kg7 44. Qd4+ Kf8 45. Qe3 Kg7 46. Qc3+ Kf8 47. Qc8+ 1-0

[Event "World Cup VII Final"]
[Site "Cork World Cup VII Final"]
[Date "1994.??.??"]
[Round "?"]
[White "Lepikhov, Aleksey"]
[Black "Topchy, Genrikh"]
[Result "1-0"]
[WhiteElo "2515"]
[BlackElo "2425"]
[PlyCount "61"]
[EventDate "1994.??.??"]
[Source "www.chesslib.no"]
[SourceDate "2004.05.04"]

1. d4 c5 2. d5 f5 3. Nc3 Nf6 4. e4 fxe4 5. f3 exf3 6. Nxf3 g6 7. Bg5 Bg7 8. Bd3 d6 9. Qd2 O-O 10. O-O-O Bg4 11. h3 Bxf3 12. gxf3 Nbd7 13. f4 Rc8 14. Qe2 Qc7 15. Qe6+ Kh8 16. h4 c4 17. Be2 Nc5 18. Qh3 h5 19. Rhg1 Nfe4 20. Nxe4 Nxe4 21. Qf3 Nf6 22. c3 Qd7 23. Rde1 Rc5 24. Bd1 Nxd5 25. Bc2 Qe8 26. Re6 Nf6 27. Qxb7 Rb5 28. Qxa7 Qb8 29. Rxe7 Qxa7 30. Rxa7 Kh7 31. Bh6 1-0

[Event "JUG Team Ch"]
[Site "Tivat"]
[Date "1995.??.??"]
[Round "10"]
[White "Rajkovic, Dusan"]
[Black "Martinovic, Slobodan"]
[Result "1-0"]
[WhiteElo "2475"]
[BlackElo "2450"]
[PlyCount "49"]
[EventDate "1995.??.??"]
[Source "www.chesslib.no"]
[SourceDate "2004.05.04"]

1. d4 c5 2. d5 f5 3. e4 fxe4 4. Nc3 Nf6 5. g4 d6 6. g5 Nfd7 7. Nxe4 Nb6 8. Bf4 e5 9. dxe6 d5 10. Nf6+ Ke7 11. Qh5 Bxe6 12. Nxh7 Nc6 13. O-O-O Kd7 14. Bh3 Qe8 15. Nf6+ gxf6 16. Qxh8 fxg5 17. Qh7+ Be7 18. Bxe6+ Kxe6 19. Re1+ Kd7 20. Bxg5 Qf8 21. Qh3+ Kd8 22. Rxe7 Nxe7 23. Nf3 Nc4 24. Qh4 Kd7 25. Ne5+ 1-0

[Event "URS Ch otbor"]
[Site "Beltsy"]
[Date "1979.??.??"]
[Round "?"]
[White "Popov, Nikolay"]
[Black "Zhuravliov, Valerij"]
[Result "0-1"]
[WhiteElo "2435"]
[BlackElo "2490"]
[PlyCount "94"]
[EventDate "1979.??.??"]
[Source "www.chesslib.no"]
[SourceDate "2004.05.04"]

1. d4 c5 2. d5 f5 3. e4 fxe4 4. Nc3 Nf6 5. f3 exf3 6. Nxf3 g6 7. Bd3 d6 8. O-O Bg7 9. Qe1 Nbd7 10. Qh4 a6 11. Bh6 Rg8 12. Rae1 Bxh6 13. Qxh6 Qb6 14. Kh1 Qxb2 15. Qe3 Rg7 16. Qh6 Rg8 17. Qe3 Rg7 18. Qh6 Rf7 19. Ng5 Ne5 20. Rxe5 dxe5 21. Nxf7 Qxc3 22. Nd6+ Kd7 23. Nc4 Nxd5 24. Qxh7 b5 25. Rd1 Bb7 26. Nb6+ Nxb6 27. Be4+ Bd5 28. Bxd5 Nxd5 29. Qf7 Kc7 30. Qxd5 Qxc2 31. Qxe5+ Kb6 32. Qe6+ Ka5 33. Qe1+ b4 34. Rc1 Qf5 35. Qxe7 Rc8 36. h3 c4 37. Re1 Rc5 38. Qd8+ Ka4 39. Qd1+ Kb5 40. Rf1 Qd3 41. Qc1 Rd5 42. Qf4 c3 43. Kh2 Ka4 44. Qf7 c2 45. Rc1 Rc5 46. Qf2 Rc6 47. Qf7 Qd6+ 0-1

[Event "Moscow RUS"]
[Site "?"]
[Date "1999.??.??"]
[Round "3"]
[White "Arkhangelsky Boris"]
[Black "Rustemov Alexander"]
[Result "1-0"]
[WhiteElo "2382"]
[BlackElo "2539"]
[PlyCount "65"]
[EventDate "1999.??.??"]
[Source "www.chesslib.no"]
[SourceDate "2004.05.04"]

1. d4 c5 2. d5 f5 3. g3 d6 4. Bg2 Nf6 5. b3 g6 6. Bb2 Bg7 7. Nh3 Na6 8. Nf4 O-O 9. h4 Qe8 10. Nd2 Qf7 11. Ne6 Re8 12. Nxg7 Kxg7 13. e4 h6 14. O-O Kh7 15. Re1 fxe4 16. Nxe4 Nxe4 17. Bxe4 Bf5 18. Qf3 Rf8 19. Bxf5 gxf5 20. Re2 Rae8 21. Rae1 Nc7 22. c4 b5 23. Qf4 bxc4 24. bxc4 e5 25. dxe6 Rxe6 26. Rxe6 Nxe6 27. Qxd6 Re8 28. Re5 Kg8 29. Qd5 f4 30. Rf5 Qg6 31. h5 Qg4 32. Rxf4 Qe2 33. Re4 1-0

[Event "NCL"]
[Site "NCL"]
[Date "1995.??.??"]
[Round "?"]
[White "Arkell, Keith C"]
[Black "Levitt, Jonathan"]
[Result "1/2-1/2"]
[WhiteElo "2485"]
[BlackElo "2430"]
[PlyCount "58"]
[EventDate "1995.??.??"]
[Source "www.chesslib.no"]
[SourceDate "2004.05.04"]

1. d4 c5 2. d5 f5 3. Nc3 Nf6 4. g3 d6 5. Bg2 g6 6. e4 Bg7 7. exf5 Bxf5 8. Nge2 Na6 9. a3 Nc7 10. O-O b5 11. b4 O-O 12. Rb1 cxb4 13. axb4 Qd7 14. Nf4 Rac8 15. Re1 g5 16. Nfe2 h6 17. Nd4 Bh3 18. Nc6 Rce8 19. Bh1 Ng4 20. Ne4 Rf5 21. Nd4 Rxd5 22. c3 e5 23. Nxg5 hxg5 24. Bxd5+ Nxd5 25. Nf3 Qf7 26. Rb2 Bh6 27. Nxg5 Bxg5 28. Bxg5 Rc8 29. f3 Nxc3 1/2-1/2

[Event "Wch U20"]
[Site "Halle"]
[Date "1995.??.??"]
[Round "11"]
[White "Kumaran, Dharshan"]
[Black "Rowson, Jonathan"]
[Result "1-0"]
[WhiteElo "2500"]
[BlackElo "2400"]
[PlyCount "65"]
[EventDate "1995.09.??"]
[Source "ChessBase"]

1. d4 c5 2. d5 f5 3. Nc3 Nf6 4. g3 g6 5. Bg2 d6 6. Nh3 Na6 7. Nf4 Nc7 8. h4 b5 9. a4 b4 10. Nb5 Nxb5 11. axb5 Qb6 12. Ne6 Qb7 13. O-O Bxe6 14. dxe6 Ne4 15. Bxe4 fxe4 16. f3 e3 17. c4 Bg7 18. Ra6 O-O 19. b3 Bd4 20. Qd3 Rxf3 21. exf3 e2+ 22. Kg2 exf1=Q+ 23. Qxf1 d5 24. Rc6 a6 25. cxd5 Qxb5 26. Bh6 Rb8 27. Qd1 Qa5 28. Qb1 Qd8 29. Rxc5 a5 30. Qe4 Bf6 31. Qc4 Kh8 32. Bf4 Ra8 33. Bc7 1-0

[Event "HUN-chT 9798"]
[Site "?"]
[Date "1998.??.??"]
[Round "?"]
[White "Lukacs Peter"]
[Black "Danner Georg"]
[Result "1-0"]
[WhiteElo "2470"]
[BlackElo "2430"]
[PlyCount "111"]
[EventDate "1998.??.??"]
[Source "www.chesslib.no"]
[SourceDate "2004.05.04"]

1. d4 c5 2. d5 f5 3. g3 g6 4. Bg2 Bg7 5. c4 Qb6 6. Nd2 Nf6 7. Ngf3 d6 8. O-O Nbd7 9. Rb1 O-O 10. b3 Ne5 11. Bb2 Nxf3+ 12. Nxf3 Kh8 13. Qc2 e5 14. dxe6 Bxe6 15. Ng5 Bg8 16. Rbd1 Rad8 17. Nh3 Qc7 18. Nf4 Qe7 19. Nd5 Bxd5 20. Bxd5 b6 21. Bg2 Ng4 22. e3 Bxb2 23. Qxb2+ Qe5 24. Qc2 Rfe8 25. Rd3 h5 26. h4 Re6 27. Rfd1 Qf6 28. Rd5 a5 29. R5d2 Kg7 30. Rd5 Kh7 31. a3 Qe7 32. R5d3 Qf6 33. Bd5 Re7 34. Kg2 Re5 35. Qd2 Qe7 36. b4 axb4 37. axb4 f4 38. gxf4 Rxd5 39. Rxd5 Qxh4 40. Rh1 Qf6 41. Qd3 Kg7 42. bxc5 bxc5 43. Qb1 Qe6 44. Rg5 Rf8 45. Rhxh5 Nh6 46. Rxg6+ Qxg6+ 47. Rg5 Nf5 48. Rxg6+ Kxg6 49. e4 Nd4 50. e5+ Rf5 51. exd6 Kf6 52. Qb7 Rxf4 53. Qe7+ Kf5 54. d7 Ne6 55. Qxe6+ Kxe6 56. d8=Q 1-0

[Event "Geneve op"]
[Site "Geneve"]
[Date "1999.01.31"]
[Round "9"]
[White "Liardet, Fabrice"]
[Black "Sulskis, Sarunas"]
[Result "0-1"]
[WhiteElo "2308"]
[BlackElo "2568"]
[PlyCount "74"]
[EventDate "1999.01.23"]
[Source "ChessBase"]
[SourceDate "1999.03.01"]

1. d4 c5 2. d5 f5 3. e4 fxe4 4. Nc3 Nf6 5. f3 Qa5 6. Bd2 e3 7. Bxe3 a6 8. a4 e6 9. Kf2 d6 10. dxe6 Bxe6 11. Nge2 Bf7 12. Nf4 c4 13. Bd4 Nc6 14. b4 cxb3 15. cxb3 O-O-O 16. Bxf6 gxf6 17. Ncd5 Bh6 18. g3 Kb8 19. Kg2 Bxf4 20. Nxf4 h5 21. Bc4 d5 22. Bd3 h4 23. Qe1 Qb6 24. Qf2 d4 25. Bc4 Bxc4 26. bxc4 Ne5 27. Rhc1 hxg3 28. hxg3 Qc6 29. Nd5 d3 30. Qb6 d2 31. Rcb1 Qc8 32. Qxf6 Qh3+ 33. Kf2 Ng4+ 34. fxg4 Rhf8 35. Qf4+ Rxf4+ 36. gxf4 Re8 37. Rd1 Qd3 0-1

[Event "URS Ch qual"]
[Site "Ashkhabad"]
[Date "1990.??.??"]
[Round "?"]
[White "Solozhenkin, Evgeniy"]
[Black "Korzubov, Peter"]
[Result "0-1"]
[WhiteElo "2420"]
[BlackElo "2455"]
[PlyCount "46"]
[EventDate "1990.??.??"]
[Source "www.chesslib.no"]
[SourceDate "2004.05.04"]

1. d4 c5 2. d5 f5 3. Nc3 Nf6 4. Bg5 Qb6 5. Rb1 Ne4 6. Nxe4 fxe4 7. Qd2 e5 8. f3 c4 9. Be3 Bc5 10. Bxc5 Qxc5 11. fxe4 O-O 12. Nf3 d6 13. b4 Qc7 14. e3 Nd7 15. Qc3 b5 16. a4 a6 17. a5 Nf6 18. Nd2 Ng4 19. Be2 Qe7 20. Nf3 Qa7 21. Bf1 Nxe3 22. h3 Rf4 23. Kd2 Nxg2 0-1

[Event "Budapest HUN"]
[Site "?"]
[Date "1998.??.??"]
[Round "?"]
[White "Farago Ivan"]
[Black "Danner Georg"]
[Result "1/2-1/2"]
[WhiteElo "2475"]
[BlackElo "2385"]
[PlyCount "35"]
[EventDate "1998.??.??"]
[Source "www.chesslib.no"]
[SourceDate "2004.05.04"]

1. d4 c5 2. d5 f5 3. e4 fxe4 4. Nc3 Nf6 5. Nge2 d6 6. Ng3 Nbd7 7. Ngxe4 Nxe4 8. Nxe4 Qb6 9. Bd2 Nf6 10. Nxf6+ exf6 11. Bd3 g6 12. Qe2+ Kf7 13. O-O-O Bd7 14. h4 Bg7 15. Bc3 h5 16. Rde1 Rae8 17. Qf3 f5 18. Bxg7 1/2-1/2